书目信息 |
| 题名: |
影响中国企业未来的十大管理实践
|
|
| 作者: | 侯贵松 , 王璐璐 编 | |
| 分册: | ||
| 出版信息: | 北京 中国纺织出版社 2004.05 |
|
| 页数: | 320页 | |
| 开本: | 26cm | |
| 丛书名: | ||
| 单 册: | ||
| 中图分类: | F270 | |
| 科图分类: | ||
| 主题词: | 企业管理 | |
| 电子资源: | ||
| ISBN: | 7-5064-2911-X | |
| 000 | 00685nam0 2200229 45 | |
| 001 | 012004000000 | |
| 005 | 20041020090500.82 | |
| 010 | @a7-5064-2911-X@dCNY 36.00 | |
| 100 | @a20040910d2004 em y0chiy0121 ea | |
| 101 | 0 | @achi |
| 102 | @aCN@b110000 | |
| 105 | @ay z 000yy | |
| 200 | 1 | @a影响中国企业未来的十大管理实践@Aying xiang zhong guo qi ye wei lai de shi da guan li shi jian@f侯贵松, 王璐璐编 |
| 210 | @a北京@c中国纺织出版社@d2004.05 | |
| 215 | @a320页@d26cm | |
| 320 | @a本书含参考文献 | |
| 606 | 0 | @a企业管理 |
| 690 | @aF270@v4 | |
| 701 | 0 | @a侯贵松@Ahou gui song@4编 |
| 701 | 0 | @a王璐璐@Awang lu lu@4编 |
| 801 | 0 | @aCN@bQSSKt@c20041020 |
| 905 | @a10447@dF270@eH4231 | |
| 影响中国企业未来的十大管理实践/侯贵松, 王璐璐编.-北京:中国纺织出版社,2004.05 |
| 320页;26cm |
| ISBN 7-5064-2911-X:CNY 36.00 |
| ● |
| 相关链接 |
|
|
|
正题名:影响中国企业未来的十大管理实践
索取号:F270/H4231
 
预约/预借
| 序号 | 登录号 | 条形码 | 馆藏地/架位号 | 状态 | 备注 |
| 1 | 421216 | 204212164 | 社科库409/409社科库 83排2列1层/ [索取号:F270/H4231] | 在馆 | |
| 2 | 421217 | 204212173 | 社科库409/409社科库 83排2列1层/ [索取号:F270/H4231] | 在馆 |